| 000 | 04406nam a22003737a 4500 | ||
|---|---|---|---|
| 005 | 20100218105857.0 | ||
| 010 | _aB-396146-160 | ||
| 020 |
_a8189790707 _c200.00 |
||
| 035 | _aB-396146-160 | ||
| 037 | _bपैन्सी बुक्स/ VEN | ||
| 082 | _a821 | ||
| 100 |
_aगुप्ता, सत्येंद्र _922903 |
||
| 245 |
_aबातें कुछ अनकही / _cसत्येंद्र गुप्ता |
||
| 260 |
_aबिजनौर _bहिंदी साहित्य निकेतन _c2009 |
||
| 270 |
_a16 साहित्य विहार _bबिजनौर (उ.प्र.) _e110002 _k01342 263232 _l01342 262375 |
||
| 300 |
_a160पृ _c22सेमी (सजिल्द) |
||
| 942 |
_2ddc _cHN _mगुप्तास _h821 |
||
| 999 |
_c34103 _d34103 |
||